• 首页
  • 本馆介绍
  • 公告通知
  • 最新文献
  • 馆藏检索
  • 电子资源
  • 读者导购
  • 参考咨询
  • 我的图书馆
  • 登录
  • 详细信息显示
  • 放入我的书架
  • 预约/预借图书
  • 作者相关作品
  • 分类相关作品
  • 丛书相关作品
  • 出版社相关作品

书目信息

  • 表格格式
  • 工作单格式
  • 卡片格式
题名:
文史别记
    
 
作者: 李恭 著
分册:  
出版信息: 香港   天马图书出版公司  2006
页数: 159页
开本: 20cm
丛书名:
单 册:
中图分类: Z429.76
科图分类:
主题词: 文集--中国 , 全集--中国 , 选集--中国
电子资源:
ISBN: 962-450-433-4
000 00565nam0 2200217 450
001 0731658880
005 20070806104617.64
010    @a962-450-433-4@dCNY16.80
100    @a20070806d2006 km y0chiy0120 ea
101 0  @achi
102    @aCN@b810000
200 1  @a文史别记@Awen shi bie ji@f李恭著@Fli gong zhu
210    @a香港@c天马图书出版公司@d2006
215    @a159页@d20cm
606 0  @a文集@x中国
606 0  @a全集@x中国
606 0  @a选集@x中国
690    @aZ429.76@v3
701  0 @a李恭@Ali gong@4著
801  0 @aCN@bPFT@c20070806
905    @a10447@dZ429.76@e55
    
    文史别记/李恭著.-香港:天马图书出版公司,2006
    159页;20cm
    
    
    ISBN 962-450-433-4:CNY16.80
    
●
相关链接 在E读中查询图书 在五车中查询图书 在当当中查询图书 在豆瓣中查询图书


正题名:文史别记     索取号:Z429.76/55         预约/预借

序号 登录号 条形码 馆藏地/架位号 状态 备注
1 0791964   207919644   第二样本阅览室/ [索取号:Z429.76/55] 在馆    
唐山师范学院图书馆 欢迎您!
大连网信软件有限公司© 版权所有